Syntéza varioxiránu a jeho analógov
Saved in:
| Main Author: | |
|---|---|
| Other Authors: | |
| Format: | Manuscript Book |
| Language: | Slovak |
| Published: |
2015
|
| Subjects: | |
| Online Access: | http://is.stuba.sk/zp/portal_zp.pl?podrobnosti=113152 |
| Tags: |
No Tags, Be the first to tag this record!
|
MARC
| LEADER | 00000ntm a22000003a 4500 | ||
|---|---|---|---|
| 001 | stuzp53046 | ||
| 003 | SK-STU | ||
| 005 | 20160719154348.5 | ||
| 007 | ta | ||
| 008 | 150427s2015----xo-----f-mn---000-0-slo-d | ||
| 040 | |a STU |b slo | ||
| 041 | 0 | |a slo | |
| 100 | 1 | |a Matyašovský, Ján |u 048140 |4 aut |U FCHPT Ústav organickej chémie, katalýzy a petrochémie |T FCHPT Oddelenie organickej chémie |X 43531 |U C8140 |Y 124 |7 43531 | |
| 242 | 0 | 1 | |a Synthesis of Varioxirane and its Analogues |y eng |
| 245 | 1 | 0 | |a Syntéza varioxiránu a jeho analógov |
| 260 | |c 2015 | ||
| 650 | 4 | |a varioxirán |2 slo | |
| 650 | 4 | |a varitriol |2 slo | |
| 650 | 4 | |a andytriol |2 slo | |
| 650 | 4 | |a syntéza prírodnej látky |2 slo | |
| 650 | 4 | |a analógy prírodnej látky |2 slo | |
| 650 | 4 | |a varioxirane |2 eng | |
| 650 | 4 | |a andytriol |2 eng | |
| 650 | 4 | |a synthesis of natural compound |2 eng | |
| 650 | 4 | |a analogues of natural compound |2 eng | |
| 650 | 4 | |a varitriol |2 eng | |
| 700 | 1 | |a Lásiková, Angelika, |d 1969- |4 ths |X 3970 |7 A000003970 | |
| 856 | 4 | |u http://is.stuba.sk/zp/portal_zp.pl?podrobnosti=113152 | |
| SQL | |a stuzp53046 |b DDP |c SLO |d Syntéza varioxiránu a jeho analógov |e 43531 |f Matyašovský, Ján |g 048140 |h 3970 |i Lásiková, Angelika |j 20150608 |k 127 |l 04 |m http://is.stuba.sk/zp/portal_zp.pl?podrobnosti=113152 |n I-oTCHEM |o 4.1.14. chémia, 5.2.18. chemické technológie | ||